Reclaiming the earth : (Record no. 127980)

MARC details
000 -LEADER
fixed length control field 00697nam a22002297a 4500
005 - DATE AND TIME OF LATEST TRANSACTION
control field 20170124110033.0
010 ## - LIBRARY OF CONGRESS CONTROL NUMBER
LC control number 744694
020 ## - INTERNATIONAL STANDARD BOOK NUMBER
Terms of availability 00.00
035 ## - SYSTEM CONTROL NUMBER
System control number 744694
037 ## - SOURCE OF ACQUISITION
Source of stock number/acquisition Cen Lib/Ret
040 ## - CATALOGING SOURCE
Original cataloging agency DPL
Language of cataloging EN
082 ## - DEWEY DECIMAL CLASSIFICATION NUMBER
Classification number 378.99
Item number PAR
100 ## - MAIN ENTRY--PERSONAL NAME
Personal name Paradis, Adrian A.
9 (RLIN) 22079
245 ## - TITLE STATEMENT
Title Reclaiming the earth :
Statement of responsibility, etc by Adrian A. Paradis
Remainder of title jobs that help improve the environment /
260 ## - PUBLICATION, DISTRIBUTION, ETC. (IMPRINT)
Place of publication, distribution, etc New York
Name of publisher, distributor, etc David Mckay Company, Inc
Date of publication, distribution, etc 1971
270 ## - ADDRESS
City New York
300 ## - PHYSICAL DESCRIPTION
Extent xii, 180p.
Dimensions 19cm(Hb)
500 ## - GENERAL NOTE
General note Includes bibliographical references and index
650 ## - SUBJECT ADDED ENTRY--TOPICAL TERM
Topical term or geographic name as entry element Education
9 (RLIN) 1169
650 ## - SUBJECT ADDED ENTRY--TOPICAL TERM
Topical term or geographic name as entry element Jobs environment
9 (RLIN) 22080
942 ## - ADDED ENTRY ELEMENTS (KOHA)
Source of classification or shelving scheme Dewey Decimal Classification
Koha item type English Books
Classification part 378.99
Call number suffix PAR
Holdings
Withdrawn status Lost status Damaged status Not for loan Home library Current library Date acquired Source of acquisition Cost, normal purchase price Total Checkouts Full call number Barcode Date last seen Copy number Cost, replacement price Price effective from Koha item type Public note
Written off       Central Library Central Library 01/07/2015 Cen Lib/Ret 0.00   378.99 PAR 744694 01/07/2015 1 0.00 01/07/2015 English Books Written off on approval by DLB (By Circulation); dtd 15-06-2023

© Delhi Public Library
Hit Counter
free hit counter